| 000 | 00748nmc a2200277 a 4500 | ||
|---|---|---|---|
| 003 | AR-BaBNM | ||
| 005 | 20251128211514.0 | ||
| 008 | 184120s1989 ||||||||||||||000 | spa|| | ||
| 020 | _a84-243-2691-1 | ||
| 040 | _cAR-BaBNM | ||
| 100 | 1 | _aRoyston, Angela | |
| 245 | 1 | 0 | _aEl ardilla |
| 260 |
_aBilbao _bFher _c1989 |
||
| 300 |
_a24 p. _bil. col. |
||
| 490 | 0 | _aLa vida de los animales | |
| 500 | _aContiene pequeño diccionario al final del libro | ||
| 650 | 4 | _aLIBROS PARA NINOS | |
| 650 | 4 | _aCUENTOS DE ANIMALES | |
| 650 | 4 | _aLITERATURA ESPANOLA | |
| 650 | 4 | _aLITERATURA CONTEMPORANEA | |
| 655 | _aLITERATURA | ||
| 700 | 1 |
_aPledger, Maurice _eilustrador |
|
| 700 | 1 |
_aRamos, Araceli _eadaptador |
|
| 942 | _cBK | ||
| 998 | _cEugenia | ||
| 999 |
_c19945 _d19945 |
||